Basic Rules of Reasoning / (Record no. 66320)

MARC details
000 -LEADER
fixed length control field 01409nam a22002537a 4500
005 - DATE AND TIME OF LATEST TRANSACTION
control field 20120508124312.0
010 ## - LCCN (DPL NO)
LC control number B-457941-945
020 ## - INTERNATIONAL STANDARD BOOK NUMBER
International Standard Book Number 9788182473584
Terms of availability 695.00
035 ## - SYSTEM CONTROL NUMBER
System control number B-457941-945
037 ## - SOURCE OF ACQUISITION
Stock number dpl
Source of stock number/acquisition K.K.Pub
082 ## - DEWEY DECIMAL CLASSIFICATION NUMBER
Classification number 160
100 ## - MAIN ENTRY--PERSONAL NAME
Personal name Singh, R.K
245 ## - TITLE STATEMENT
Title Basic Rules of Reasoning /
Statement of responsibility, etc by R.K.Singh
260 ## - PUBLICATION, DISTRIBUTION, ETC. (IMPRINT)
Place of publication, distribution, etc Chandigarh
Name of publisher, distributor, etc Abhishek Pub
Date of publication, distribution, etc 2011
270 ## - ADDRESS
Address S. C. O. 57-59, Sector-17C Basement
City Chandigarh
Telephone number 01722704668
300 ## - PHYSICAL DESCRIPTION
Extent vii,205p
Dimensions 20cm(Hb)
942 ## - ADDED ENTRY ELEMENTS (KOHA)
Source of classification or shelving scheme Dewey Decimal Classification
Item type English Books
Classification part 160
Call number suffix SIN
Holdings
Withdrawn status Lost status Not for loan Collection code Home library Current library Date acquired Source of acquisition Cost, normal purchase price Full call number Barcode Copy number Cost, replacement price Koha item type
      Non-fiction Central Library Central Library 14/05/2012 K.K.Pub/1659/24.01.12/25/24.01.12/06.02.12 695.00 160 SIN B-457941 1 695.00 English Books
      Non-fiction Karol Bagh Karol Bagh 14/05/2012 K.K.Pub/1659/24.01.12/25/24.01.12/06.02.12 695.00 160 SIN B-457944 1 695.00 English Books
  Written-off vide DLB M. No. 383 dt 16.05.19   Non-fiction Patel Nagar Patel Nagar 14/05/2012 K.K.Pub/1659/24.01.12/25/24.01.12/06.02.12 695.00 160 SIN B-457942 1 695.00 English Books
      Non-fiction Sarojini Nagar Sarojini Nagar 14/05/2012 K.K.Pub/1659/24.01.12/25/24.01.12/06.02.12 695.00 160 SIN B-457943 1 695.00 English Books
      Non-fiction Shahdara Branch Shahdara Branch 14/05/2012 K.K.Pub/1659/24.01.12/25/24.01.12/06.02.12 695.00 160 SIN B-457945 1 695.00 English Books

© Delhi Public Library
Hit Counter
free hit counter